|
|
|
|
| LEADER |
00984nam a2200241 a 4500 |
| 001 |
1355687 |
| 008 |
090827s1981 moua b 001 0 eng d |
| 010 |
|
|
|a \\\80039694
|
| 020 |
|
|
|a 0801615119
|
| 040 |
|
|
|a DLC
|c DLC
|d DLC
|
| 082 |
0 |
0 |
|a 372.19
|2 19
|
| 100 |
1 |
|
|a Eliason, Claudia Fuhriman,
|d 1945-
|
| 245 |
1 |
2 |
|a A practical guide to early childhood curriculum /
|c Claudia Fuhriman Eliason, Loa Thomson Jenkins.
|
| 250 |
|
|
|a 2d ed.
|
| 260 |
|
|
|a St. Louis :
|b C. V. Mosby,
|c 1981.
|
| 300 |
|
|
|a ix, 389 p. :
|b ill. ;
|c 24 cm.
|
| 504 |
|
|
|a Includes bibliographies and index.
|
| 541 |
1 |
|
|e 00003367
|
| 650 |
|
0 |
|a Early childhood education
|x Curricula.
|
| 700 |
1 |
|
|a Jenkins, Loa Thomson,
|d 1942-
|e joint author.
|
| 852 |
4 |
|
|a Ayesha Abed Library
|j General shelf
|
| 999 |
|
|
|c 3513
|d 3513
|
| 952 |
|
|
|0 0
|1 0
|2 ddc
|4 0
|6 372_190000000000000_ELI_1981
|7 0
|9 3189
|a BRACUL
|b BRACUL
|c GEN
|d 2009-09-02
|g 0.00
|l 1
|m 4
|o 372.19 ELI
|p 3010003367
|r 2019-08-05
|s 2019-07-10
|t 1
|w 2009-09-02
|y BK
|x No price found in the accession register.
|